Reżimy totalitarne wobec ludzi nauki 1939 - 1945
| Titel: | Reżimy totalitarne wobec ludzi nauki 1939 - 1945 : Uniwersytet Jagielloński Sonderaktion Krakau, zbrodnia katyńska / Rada Ochrony Pamiȩci Walk i Mȩczeństwa |
|---|---|
| Körperschaft: | |
| Ausgabe: | Warszawa |
| Veröffentlicht: | 2007 |
| Umfang: | [24] Bl |
| Format: | Buch |
| Sprache: | Polnisch |
X
alg: 42668870 001A $03004:26-02-18 001B $01999:20-08-25 $t15:58:17.000 001D $03004:26-02-18 001U $0utf8 001X $00 002@ $0Aau 002C $aText $btxt $2rdacontent 002D $aohne Hilfsmittel zu benutzen $bn $2rdamedia 002E $aBand $bnc $2rdacarrier 003@ $0426688708 003O $0254833552 $aOCoLC 007A $0561945365 $aGBV 010@ $apol 011@ $a2007 013D $RKatalog $#Exhibition catalogs $#Expositions $#Cataloghi di esposizioni $#Ausstellungskatalog $74135467-9 $8Ausstellungskatalog [Tsz] $9085499846 021A $aReżimy totalitarne wobec ludzi nauki 1939 - 1945 $dUniwersytet Jagielloński Sonderaktion Krakau, zbrodnia katyńska $hRada Ochrony Pamiȩci Walk i Mȩczeństwa 029F $RPolen $#Rada Ochrony Pamięci Walk i Męczeństwa $#Rada Ochrony Pamięci Walk i Męczeństwa Polen $#Polen, Rat zum Schutz des Gedenkens an Kampf und Martyrium $#Rat zum Schutz des Gedenkens an Kampf und Martyrium Polen $#Polen, Council for the Protection of Memory of Combat and Martyrdom $#Council for the Protection of Memory of Combat and Martyrdom $#ROPWiM $75153525-7 $8Polen$bRada Ochrony Pamięci Walk i Męczeństwa [Tb1] $9045635889 032@ $aWarszawa 034D $a[24] Bl 044K $RVölkerrechtliches Verbrechen $#War crimes $#Crimes de guerre $#Delitti di guerra $#Crímenes de guerra $#Kriegsverbrechen $#Kriegsverbrechen $74033151-9 $8Kriegsverbrechen [Ts1] $9085088587 044K $#Totalitarianism $#Totalitarisme $#Totalitarismo $#Totalitarismo $#Totalitarismus $#Totalitäre Staaten $#Totalitarismus/Totalitäres System $#Totaler Staat $#Totalitärer Staat $74060491-3 $8Totalitarismus [Ts1] $9085167908 044K $RVölkerrechtliches Verbrechen $RMassaker $#Genocide $#Génocide $#Genocidio $#Völkermord $#Genozid $#Genocid $#Genozid $#Genozidium $74063690-2 $8Völkermord [Ts1] $9085178527 045R $aGeschichte 1939-1945 lok: 42668870 24 exp: 42668870 24 1 #EPN 201B/01 $009-07-18 $t12:28:56.000 201C/01 $026-02-18 201U/01 $0utf8 203@/01 $01018573488 208@/01 $a26-02-18 $bz 209A/01 $a18.04754 $du $f050 $h18 04754 $x00 209C/01 $a18.04754 T $h18 04754 T 209G/01 $a73811910 $x00 220C/01 $ajwa 247C/01 $8358050-7Marburg, Bibliothek des Herder-Instituts Marburg $9102600961
| LEADER | 00000cam a2200000 c 4500 | ||
|---|---|---|---|
| 001 | 426688708 | ||
| 003 | DE-603 | ||
| 005 | 20250820155817.0 | ||
| 007 | tu | ||
| 008 | 180226s2007 xx |||| | u00||u|pol c | ||
| 035 | |a (DE-599)GBV561945365 | ||
| 035 | |a (OCoLC)254833552 | ||
| 040 | |a DE-603 |b ger |c DE-603 |d DE-603 | ||
| 041 | |a pol | ||
| 245 | 0 | 0 | |a Reżimy totalitarne wobec ludzi nauki 1939 - 1945 |b Uniwersytet Jagielloński Sonderaktion Krakau, zbrodnia katyńska |c Rada Ochrony Pamiȩci Walk i Mȩczeństwa |
| 250 | |a Warszawa | ||
| 264 | 0 | |c 2007 | |
| 300 | |a [24] Bl | ||
| 336 | |a Text |b txt |2 rdacontent | ||
| 337 | |a ohne Hilfsmittel zu benutzen |b n |2 rdamedia | ||
| 338 | |a Band |b nc |2 rdacarrier | ||
| 648 | 7 | |a Geschichte 1939-1945 |2 gnd | |
| 650 | 7 | |a Kriegsverbrechen |0 (DE-588)4033151-9 |0 (DE-603)085088587 |2 gnd | |
| 650 | 7 | |a Totalitarismus |0 (DE-588)4060491-3 |0 (DE-603)085167908 |2 gnd | |
| 650 | 7 | |a Völkermord |0 (DE-588)4063690-2 |0 (DE-603)085178527 |2 gnd | |
| 655 | 7 | |a Ausstellungskatalog |2 gnd-content |0 (DE-588)4135467-9 |0 (DE-603)085499846 | |
| 710 | 1 | |a Polen |b Rada Ochrony Pamięci Walk i Męczeństwa |0 (DE-603)045635889 |0 (DE-588)5153525-7 |2 gnd | |
| 924 | 0 | |9 Mb 50 |a (DE-603)1018573488 |b DE-Mb50 |c HES |d c |g 18.04754 | |


